000 00564nam a2200193Ia 4500
003 OSt
005 20260623124956.0
008 210210b2003 xxu||||| |||| 00| 0 eng d
040 _cAL
041 _aKonkani
082 _a891.461 RODV
100 _aRODRIGUES (Melvin).
_dಮೆಲ್ವಿನ್ ರೊಡ್ರಿಗಸ್
_9265941
245 _aVaat: kavita punjo.
_bವಾತ್: ಕವಿತಾ ಪುಂಜೊ
260 _aManglur.
_bKavita Pablikeshans
_c2003
300 _a90
690 _aKonkani Poetry
_9265942
906 _a059689
942 _2ddc
_cBK
999 _c106890
_d106890